| 000 | 00554nam a2200181Ia 4500 | ||
|---|---|---|---|
| 008 | 090124s9999 xx 000 0 und d | ||
| 082 | _b7502 | ||
| 100 | _aमनमोहन लोककवी | ||
| 245 | _a तु नाही तुझा बाप | ||
| 250 | _a0 | ||
| 260 | _c1975 | ||
| 300 | _a180 | ||
| 600 | _aमनमोहन लोककवी | ||
| 630 | _a तु नाही तुझा बाप | ||
| 700 | _aमनमोहन लोककवी | ||
| 730 | _a तु नाही तुझा बाप | ||
| 942 | _cBOOK | ||
| 999 |
_c85327 _d85327 |
||